000 00478nam a2200181Ia 4500
008 151213s9999 xx 000 0 und d
020 _a978-0-52174499-7
082 _a425
_b425
100 _aRaymon Murphy
245 _aIntermediate English Grammar
_cRaymon Murphy
250 _a3rd
260 _aCambridge
_bCambirdge university press
_c2004
300 _a10748 p.
650 _aEnglish Language
650 _aEnglish Language
700 _aRaymon Murphy
999 _c4892
_d4892